Nutrient cycling in agricultural ecosystems (Record no. 39013)

MARC details
000 -LEADER
fixed length control field 00378nam a2200133Ia 4500
082 ## - DEWEY DECIMAL CLASSIFICATION NUMBER
Classification number 631.95
Item number LOW
245 #0 - TITLE STATEMENT
Title Nutrient cycling in agricultural ecosystems
260 ## - PUBLICATION, DISTRIBUTION, ETC. (IMPRINT)
Place of publication Georgia
Name of publisher University of Georgia
Year of publication 1983
490 ## - SERIES STATEMENT
Series statement Special publication; no 23
650 ## - SUBJECT ADDED ENTRY--TOPICAL TERM
Topical Term Nutrient cycling
700 ## - ADDED ENTRY--PERSONAL NAME
Personal name LOWRANCE, Richard
942 ## - ADDED ENTRY ELEMENTS (KOHA)
Koha item type Books
Holdings
Withdrawn status Lost status Damaged status Not for loan Home library Current library Date acquired Full call number Accession Number Koha item type
        RRII Library RRII Library 16/12/2021 631.95 LOW 19360 Books